[Event "Gentofte Vinterturnering 1973-74"]
[Site "Gentofte"]
[Date "1973.10.17"]
[Round "1"]
[White "Rosenlund, Thorbjorn"]
[Black "Skovgaard, Ib"]
[Result "1-0"]
[WhiteElo "2245"]
[BlackElo "2134"]
[PlyCount "29"]
[EventDate "1973.10.17"]
[EventType "tourn"]
[EventRounds "9"]
[EventCountry "DEN"]
[SourceVersionDate "2020.12.21"]

1. d4 Nf6 2. Nf3 d5 3. Bg5 Bf5 4. c4 c6 5. cxd5 cxd5 6. Qb3 Qb6 7. Qxb6 axb6 8.
Nc3 e6 9. e3 Bb4 10. Bb5+ Ke7 11. Ke2 Rc8 12. Rhc1 h6 13. Bxf6+ gxf6 14. Nh4
Bh7 15. Nxd5+ 1-0

[Event "Gentofte Vinterturnering 1973-74"]
[Site "Gentofte"]
[Date "1973.10.17"]
[Round "1"]
[White "Mortensen, Peter Munch"]
[Black "Hartung Nielsen, Jens"]
[Result "1/2-1/2"]
[WhiteElo "1995"]
[BlackElo "2104"]
[PlyCount "43"]
[EventDate "1973.10.17"]
[EventType "tourn"]
[EventRounds "9"]
[EventCountry "DEN"]
[SourceVersionDate "2020.12.21"]

1. d4 Nf6 2. c4 e6 3. Nf3 b6 4. g3 Bb7 5. Bg2 Bb4+ 6. Bd2 Qe7 7. O-O Bxd2 8.
Nfxd2 Bxg2 9. Kxg2 d5 10. Nc3 O-O 11. Rc1 dxc4 12. Nxc4 c5 13. dxc5 Qxc5 14.
Ne3 Qh5 15. Qa4 Nbd7 16. Qb5 Qg6 17. Rfd1 Rfd8 18. Qd3 Qxd3 19. Rxd3 Nc5 20.
Rxd8+ Rxd8 21. Rd1 Rxd1 22. Nexd1 1/2-1/2

[Event "Gentofte Vinterturnering 1973-74"]
[Site "Gentofte"]
[Date "1973.10.17"]
[Round "1"]
[White "Persson, Lars"]
[Black "Hansen, Jacob Ost"]
[Result "1/2-1/2"]
[WhiteElo "1983"]
[BlackElo "2331"]
[PlyCount "99"]
[EventDate "1973.10.17"]
[EventType "tourn"]
[EventRounds "9"]
[EventCountry "DEN"]
[SourceVersionDate "2020.12.21"]

1. e4 e5 2. Nf3 Nc6 3. Bb5 a6 4. Ba4 Nf6 5. O-O Be7 6. Re1 b5 7. Bb3 O-O 8. h3
Bb7 9. d3 d5 10. exd5 Nxd5 11. Nxe5 Nxe5 12. Rxe5 Qd6 13. Re1 Rae8 14. Nd2 c5
15. Ne4 Qc6 16. a4 c4 17. axb5 axb5 18. dxc4 bxc4 19. Ba4 Qa6 20. Bxe8 Qxa1 21.
Bb5 Nb6 22. Qd4 Qa5 23. Nc3 Bf6 24. Qd6 Ra8 25. Bc6 Bxc6 26. Qxc6 h5 27. Be3
Na4 28. Ra1 Bxc3 29. bxc3 Qa6 30. Qd5 Rc8 31. Qxh5 Qc6 32. Qg4 Nc5 33. Ra5 Ne6
34. Bd4 Rb8 35. Rh5 Qd6 36. g3 Rb1+ 37. Kh2 Qc6 38. f3 Qa4 39. Qe4 Rc1 40. h4
Qxc2+ 41. Kh3 Qxe4 42. fxe4 Re1 43. Re5 Nxd4 44. cxd4 c3 45. Rc5 Rxe4 46. Rc8+
Kh7 47. Rxc3 Rxd4 48. Rf3 f6 49. g4 Kg6 50. Kg3 1/2-1/2

[Event "Gentofte Vinterturnering 1973-74"]
[Site "Gentofte"]
[Date "1973.10.17"]
[Round "1"]
[White "Molgaard, Steen"]
[Black "Hansen, Carsten"]
[Result "1-0"]
[WhiteElo "2088"]
[BlackElo "1895"]
[PlyCount "67"]
[EventDate "1973.10.17"]
[EventType "tourn"]
[EventRounds "9"]
[EventCountry "DEN"]
[SourceVersionDate "2020.12.21"]

1. c4 c5 2. Nc3 g6 3. g3 Bg7 4. Bg2 Nc6 5. Nf3 e5 6. d3 Nge7 7. O-O d6 8. Ne1
Be6 9. Nc2 d5 10. cxd5 Nxd5 11. Ne3 Nxc3 12. bxc3 Qd7 13. c4 O-O 14. Rb1 b6 15.
Bd2 Bh3 16. Nd5 Bxg2 17. Kxg2 f5 18. a4 Rab8 19. Bc3 f4 20. Rb5 Rf5 21. f3 fxg3
22. hxg3 Nd4 23. Bxd4 cxd4 24. a5 Rbf8 25. axb6 axb6 26. Rxb6 Rg5 27. Rh1 h5
28. Qd2 Bh6 29. Qb4 Qg7 30. Ra1 Rf7 31. Raa6 Kh8 32. Nf6 Rf8 33. Rb7 Rf7 34.
Ra8+ 1-0

[Event "Gentofte Vinterturnering 1973-74"]
[Site "Gentofte"]
[Date "1973.10.17"]
[Round "1"]
[White "Hoi, Carsten"]
[Black "Telling, Kim"]
[Result "1-0"]
[WhiteElo "2089"]
[BlackElo "2019"]
[PlyCount "69"]
[EventDate "1973.10.17"]
[EventType "tourn"]
[EventRounds "9"]
[EventCountry "DEN"]
[SourceVersionDate "2020.12.21"]

1. e4 c5 2. c3 d5 3. exd5 Qxd5 4. d4 e6 5. Nf3 Nc6 6. Bd3 Nf6 7. O-O Be7 8. Bf4
O-O 9. Qe2 cxd4 10. Rd1 Rd8 11. cxd4 Qh5 12. Nc3 Nd5 13. Nxd5 exd5 14. Ne5 Qxe2
15. Bxe2 Be6 16. Nxc6 bxc6 17. Rac1 Bd6 18. Bxd6 Rxd6 19. Rc5 a5 20. Rdc1 Bd7
21. R1c3 Re6 22. Re3 Rxe3 23. fxe3 Kf8 24. Bd3 f5 25. Kf2 Ke7 26. Ke2 Kd6 27.
Kd2 Kc7 28. h4 g6 29. Rc1 Rb8 30. b3 h5 31. Ke2 a4 32. bxa4 Rb2+ 33. Rc2 Rxc2+
34. Bxc2 Kb6 35. Bb3 {Tid} 1-0

[Event "Gentofte Vinterturnering 1973-74"]
[Site "Gentofte"]
[Date "1973.10.24"]
[Round "2"]
[White "Telling, Kim"]
[Black "Persson, Lars"]
[Result "0-1"]
[WhiteElo "2019"]
[BlackElo "1983"]
[PlyCount "109"]
[EventDate "1973.10.17"]
[EventType "tourn"]
[EventRounds "9"]
[EventCountry "DEN"]
[SourceVersionDate "2020.12.21"]

1. e4 Nf6 2. e5 Nd5 3. Nc3 e6 4. Nxd5 exd5 5. d4 d6 6. Nf3 Bg4 7. h3 Bxf3 8.
Qxf3 dxe5 9. dxe5 Be7 10. Bf4 O-O 11. O-O-O c6 12. Bd3 Bg5 13. h4 Bxf4+ 14.
Qxf4 Re8 15. h5 h6 16. Kb1 Qg5 17. Qb4 Nd7 18. f4 Qg4 19. Qxb7 Rec8 20. e6 Qxe6
21. Rhe1 Qd6 22. Bf5 Nc5 23. Qe7 Rd8 24. g3 Rab8 25. Ka1 Na4 26. Qxd6 Rxd6 27.
c4 d4 28. Re7 a6 29. Rde1 Kf8 30. Bd7 g6 31. hxg6 Rxg6 32. Re8+ Rxe8 33. Rxe8+
Kg7 34. g4 Rd6 35. Bf5 d3 36. Re1 Kf6 37. Rh1 Kg7 38. Rd1 d2 39. Kb1 Rd4 40.
Kc2 Rxc4+ 41. Kxd2 Nxb2 42. Rb1 Na4 43. Ke3 Rc3+ 44. Kd2 Ra3 45. Ra1 Rf3 46.
Rc1 c5 47. Rc4 Rf2+ 48. Kc1 Rxa2 49. Bc2 Ra1+ 50. Kd2 Nb6 51. Rxc5 Rg1 52. Bf5
Rf1 53. Rc6 Nd5 54. Rxa6 Rxf4 55. Bc8 0-1

[Event "Gentofte Vinterturnering 1973-74"]
[Site "Gentofte"]
[Date "1973.10.24"]
[Round "2"]
[White "Molgaard, Steen"]
[Black "Hoi, Carsten"]
[Result "0-1"]
[WhiteElo "2088"]
[BlackElo "2089"]
[PlyCount "64"]
[EventDate "1973.10.17"]
[EventType "tourn"]
[EventRounds "9"]
[EventCountry "DEN"]
[SourceVersionDate "2020.12.21"]

1. c4 e6 2. g3 Nf6 3. Bg2 d5 4. cxd5 exd5 5. d4 Bd6 6. Nc3 c6 7. Nf3 O-O 8. O-O
Re8 9. a3 a5 10. Bd2 Bf5 11. Nh4 Be6 12. Qc2 Nbd7 13. Nf5 Bf8 14. Ne3 Ng4 15.
Ncd1 Nxe3 16. Nxe3 Nf6 17. Rfc1 Ng4 18. Bf3 Qd7 19. Qc3 Nxe3 20. Bxe3 Bg4 21.
Bf4 Bxf3 22. Qxf3 Re4 23. Be3 Rae8 24. Rc2 g6 25. Rd1 f5 26. Bf4 Bg7 27. e3 h6
28. h4 Qe7 29. Rc5 g5 30. hxg5 hxg5 31. Be5 Bxe5 32. Rxa5 Bc7 0-1

[Event "Gentofte Vinterturnering 1973-74"]
[Site "Gentofte"]
[Date "1973.10.24"]
[Round "2"]
[White "Hansen, Jacob Ost"]
[Black "Rosenlund, Thorbjorn"]
[Result "1-0"]
[WhiteElo "2331"]
[BlackElo "2245"]
[PlyCount "75"]
[EventDate "1973.10.17"]
[EventType "tourn"]
[EventRounds "9"]
[EventCountry "DEN"]
[SourceVersionDate "2020.12.21"]

1. g3 d5 2. f4 Nc6 3. Nf3 Bg4 4. d4 Bxf3 5. exf3 e6 6. Be3 Nge7 7. c3 Nf5 8.
Bf2 h5 9. Nd2 Qd7 10. a4 a5 11. Nb3 b6 12. Nc1 g6 13. Nd3 f6 14. Bh3 Kf7 15.
O-O Bd6 16. Qb3 Rae8 17. Rae1 Nd8 18. Re2 Qc6 19. Rfe1 Rh7 20. Qc2 Rhh8 21. Bg2
Qd7 22. Qb3 Qc6 23. g4 Ng7 24. Qc2 Qd7 25. h3 c6 26. b4 Nb7 27. Rb1 Qc7 28. Qc1
c5 29. bxc5 bxc5 30. Reb2 Rb8 31. c4 cxd4 32. cxd5 Qxc1+ 33. Rxc1 Nd8 34. Rxb8
Bxb8 35. Rc8 Bd6 36. Bxd4 Ke7 37. Ra8 exd5 38. Ra7+ 1-0

[Event "Gentofte Vinterturnering 1973-74"]
[Site "Gentofte"]
[Date "1973.10.24"]
[Round "2"]
[White "Hansen, Carsten"]
[Black "Hartung Nielsen, Jens"]
[Result "1/2-1/2"]
[WhiteElo "1895"]
[BlackElo "2104"]
[PlyCount "72"]
[EventDate "1973.10.17"]
[EventType "tourn"]
[EventRounds "9"]
[EventCountry "DEN"]
[SourceVersionDate "2020.12.21"]

1. d4 Nf6 2. c4 e6 3. Nc3 Bb4 4. e3 O-O 5. Bd3 d5 6. Nf3 Nc6 7. O-O dxc4 8.
Bxc4 h6 9. Bb5 Ne7 10. Ne5 a6 11. Bd3 Ned5 12. Bd2 c5 13. a3 Nxc3 14. bxc3 Ba5
15. f4 cxd4 16. exd4 Qc7 17. Rf3 b5 18. Qe1 Nd5 19. Rc1 Bb7 20. Rh3 f5 21. g4
fxg4 22. Nxg4 Nxf4 23. Bxf4 Qxf4 24. Qxe6+ Kh8 25. Rf1 Qg5 26. Rg3 Bxc3 27. Ne3
Rxf1+ 28. Kxf1 Rf8+ 29. Bf5 Qf4+ 30. Ke2 Qxd4 31. Bd3 Qf4 32. Kd1 Qa4+ 33. Nc2
Qf4 34. Ne3 Qa4+ 35. Nc2 Qf4 36. Ne3 Qf6 1/2-1/2

[Event "Gentofte Vinterturnering 1973-74"]
[Site "Gentofte"]
[Date "1973.10.24"]
[Round "2"]
[White "Skovgaard, Ib"]
[Black "Mortensen, Peter Munch"]
[Result "1-0"]
[WhiteElo "2134"]
[BlackElo "1995"]
[PlyCount "89"]
[EventDate "1973.10.17"]
[EventType "tourn"]
[EventRounds "9"]
[EventCountry "DEN"]
[SourceVersionDate "2020.12.21"]

1. e4 g6 2. d4 Bg7 3. Nc3 c5 4. Nf3 cxd4 5. Nxd4 Nc6 6. Be3 Nf6 7. Bc4 Qa5 8.
O-O O-O 9. Nb3 Qc7 10. f4 d6 11. Be2 b6 12. Bf3 Bb7 13. Qe2 Rac8 14. Rad1 Rfd8
15. Rfe1 Qb8 16. Bf2 Nd7 17. Nd4 Nc5 18. Nd5 Nxd4 19. Bxd4 Bxd4+ 20. Rxd4 Ne6
21. Rc4 Kf8 22. c3 Rxc4 23. Qxc4 Rc8 24. Qd3 Bxd5 25. exd5 Nxf4 26. Qd4 e5 27.
dxe6 Nxe6 28. Qf6 Kg8 29. Bd5 Re8 30. Bxe6 Rxe6 31. Rxe6 fxe6 32. Qxe6+ Kg7 33.
Qe7+ Kg8 34. Kf2 Qf8+ 35. Qxf8+ Kxf8 36. Ke3 Ke7 37. Ke4 Ke6 38. c4 h6 39. b4
a5 40. a3 axb4 41. axb4 h5 42. h4 Ke7 43. Kd5 Kd7 44. b5 Ke7 45. Kc6 1-0

[Event "Gentofte Vinterturnering 1973-74"]
[Site "Gentofte"]
[Date "1973.11.07"]
[Round "3"]
[White "Mortensen, Peter Munch"]
[Black "Hansen, Jacob Ost"]
[Result "0-1"]
[WhiteElo "1995"]
[BlackElo "2331"]
[PlyCount "66"]
[EventDate "1973.10.17"]
[EventType "tourn"]
[EventRounds "9"]
[EventCountry "DEN"]
[SourceVersionDate "2020.12.21"]

1. d4 g6 2. e4 Bg7 3. Nc3 c6 4. Be2 d5 5. Nf3 dxe4 6. Nxe4 Bf5 7. Ng3 Bg4 8.
Be3 Nd7 9. O-O Ngf6 10. Qd2 Nb6 11. Rfe1 O-O 12. Rad1 Re8 13. Ne5 Bxe2 14. Rxe2
Nfd7 15. Nxd7 Qxd7 16. c3 Nc4 17. Qc2 Rad8 18. Rde1 Qd5 19. Qe4 Nxe3 20. Qxe3
Qxa2 21. Qf4 Rd7 22. Ne4 b6 23. Ng5 e6 24. Ne4 Qd5 25. Nf6+ Bxf6 26. Qxf6 c5
27. Re5 Qd6 28. d5 Qe7 29. Qf4 Rd6 30. h4 Qf8 31. h5 Rxd5 32. h6 Rxe5 33. Rxe5
Rd8 0-1

[Event "Gentofte Vinterturnering 1973-74"]
[Site "Gentofte"]
[Date "1973.11.07"]
[Round "3"]
[White "Hartung Nielsen, Jens"]
[Black "Skovgaard, Ib"]
[Result "1-0"]
[WhiteElo "2104"]
[BlackElo "2134"]
[PlyCount "49"]
[EventDate "1973.10.17"]
[EventType "tourn"]
[EventRounds "9"]
[EventCountry "DEN"]
[SourceVersionDate "2020.12.21"]

1. e4 Nf6 2. e5 Nd5 3. c4 Nb6 4. d4 d6 5. f4 dxe5 6. fxe5 Nc6 7. Be3 Bf5 8. Nc3
e6 9. Nf3 Be7 10. d5 Nb4 11. Rc1 exd5 12. a3 c5 13. axb4 d4 14. Bxd4 cxd4 15.
Nxd4 Qb8 16. Be2 Qxe5 17. O-O Rd8 18. Rxf5 Qe3+ 19. Kh1 Rxd4 20. Qf1 O-O 21. c5
Nc8 22. Nd5 Qh6 23. Bc4 Bg5 24. Rxf7 Rd8 25. Rf8+ 1-0

[Event "Gentofte Vinterturnering 1973-74"]
[Site "Gentofte"]
[Date "1973.11.07"]
[Round "3"]
[White "Rosenlund, Thorbjorn"]
[Black "Telling, Kim"]
[Result "1-0"]
[WhiteElo "2245"]
[BlackElo "2019"]
[PlyCount "33"]
[EventDate "1973.10.17"]
[EventType "tourn"]
[EventRounds "9"]
[EventCountry "DEN"]
[SourceVersionDate "2020.12.21"]

1. e4 c5 2. Nc3 d6 3. f4 Nc6 4. Nf3 g6 5. Bc4 Bg7 6. O-O Nf6 7. d3 O-O 8. Qe1
Nb4 9. Qh4 d5 10. Nxd5 Nfxd5 11. exd5 Nxc2 12. f5 Bxf5 13. Bh6 e6 14. Ng5 Bf6
15. dxe6 Nxa1 16. exf7+ Kh8 17. Bg7+ 1-0

[Event "Gentofte Vinterturnering 1973-74"]
[Site "Gentofte"]
[Date "1973.11.07"]
[Round "3"]
[White "Hoi, Carsten"]
[Black "Hansen, Carsten"]
[Result "1/2-1/2"]
[WhiteElo "2089"]
[BlackElo "1895"]
[PlyCount "73"]
[EventDate "1973.10.17"]
[EventType "tourn"]
[EventRounds "9"]
[EventCountry "DEN"]
[SourceVersionDate "2020.12.21"]

1. d4 g6 2. c4 Bg7 3. Nc3 d6 4. e4 Nc6 5. d5 Nd4 6. Be3 c5 7. Nge2 Qb6 8. Qd2
Bg4 9. O-O-O Nxe2+ 10. Bxe2 Bxe2 11. Qxe2 Bxc3 12. bxc3 Nf6 13. Bg5 Nd7 14. f4
f6 15. Bh4 Qa6 16. Rhe1 O-O-O 17. g4 h6 18. e5 g5 19. Bf2 fxe5 20. fxe5 Qa3+
21. Qb2 Qxb2+ 22. Kxb2 Nxe5 23. Bxc5 Nxg4 24. Bd4 Rhf8 25. Rd2 Rd7 26. h3 Nf6
27. Re6 b6 28. Rf2 h5 29. Rg2 g4 30. Bxf6 gxh3 31. Rh2 exf6 32. Rxh3 f5 33.
Rxh5 f4 34. Rh2 f3 35. Rf2 Kc7 36. Re3 Rdf7 37. Kc2 1/2-1/2

[Event "Gentofte Vinterturnering 1973-74"]
[Site "Gentofte"]
[Date "1973.11.07"]
[Round "3"]
[White "Persson, Lars"]
[Black "Molgaard, Steen"]
[Result "1/2-1/2"]
[WhiteElo "1983"]
[BlackElo "2088"]
[PlyCount "99"]
[EventDate "1973.10.17"]
[EventType "tourn"]
[EventRounds "9"]
[EventCountry "DEN"]
[SourceVersionDate "2020.12.21"]

1. e4 e5 2. Nf3 Nf6 3. Nxe5 d6 4. Nf3 Nxe4 5. c4 d5 6. Nc3 Nf6 7. d4 Be7 8. Bg5
c6 9. cxd5 Nxd5 10. Bxe7 Qxe7+ 11. Be2 Be6 12. O-O O-O 13. Re1 Nb6 14. Bd3 Qd8
15. Ne5 N8d7 16. Qc2 Nf6 17. Rad1 Nbd5 18. Nxd5 Qxd5 19. Bc4 Qd6 20. Bxe6 fxe6
21. Qb3 b6 22. Nxc6 Qxc6 23. Rxe6 Qd5 24. Rxf6 Qxb3 25. Rxf8+ Kxf8 26. axb3 Rc8
27. g3 Rc2 28. Kg2 Rxb2 29. Rd3 Ke7 30. Kf3 Rc2 31. Ke3 Kd6 32. d5 Rc5 33. Ke4
Rb5 34. f4 Rb4+ 35. Kf5 Rb5 36. h4 Rxd5+ 37. Rxd5+ Kxd5 38. h5 a5 39. h6 gxh6
40. Kf6 b5 41. f5 a4 42. bxa4 bxa4 43. Ke7 a3 44. f6 a2 45. f7 a1=Q 46. f8=Q
Qe5+ 47. Kf7 Qe6+ 48. Kg7 Qg6+ 49. Kh8 h5 50. Qg8+ 1/2-1/2

[Event "Gentofte Vinterturnering 1973-74"]
[Site "Gentofte"]
[Date "1973.11.14"]
[Round "4"]
[White "Hansen, Jacob Ost"]
[Black "Hartung Nielsen, Jens"]
[Result "1-0"]
[WhiteElo "2331"]
[BlackElo "2104"]
[PlyCount "59"]
[EventDate "1973.10.17"]
[EventType "tourn"]
[EventRounds "9"]
[EventCountry "DEN"]
[SourceVersionDate "2020.12.21"]

1. e4 c5 2. Nf3 d6 3. Nc3 g6 4. d4 cxd4 5. Qxd4 Nf6 6. e5 dxe5 7. Qxd8+ Kxd8 8.
Nxe5 Ke8 9. Bc4 e6 10. Nb5 Na6 11. Be3 b6 12. O-O-O Bb7 13. f3 Be7 14. Bh6 Nd5
15. Nxa7 Nac7 16. Nb5 f6 17. Nxc7+ Nxc7 18. Rd7 Bd8 19. Rhd1 fxe5 20. Rxc7 Bxc7
21. Bb5+ Kf7 22. Rd7+ Kf6 23. Rxc7 Rhb8 24. h4 g5 25. hxg5+ Kg6 26. g4 Rg8 27.
Rxb7 e4 28. fxe4 Rab8 29. Re7 e5 30. Bd7 1-0

[Event "Gentofte Vinterturnering 1973-74"]
[Site "Gentofte"]
[Date "1973.11.14"]
[Round "4"]
[White "Hoi, Carsten"]
[Black "Persson, Lars"]
[Result "1-0"]
[WhiteElo "2089"]
[BlackElo "1983"]
[PlyCount "51"]
[EventDate "1973.10.17"]
[EventType "tourn"]
[EventRounds "9"]
[EventCountry "DEN"]
[SourceVersionDate "2020.12.21"]

1. d4 Nf6 2. c4 c5 3. d5 e6 4. Nc3 exd5 5. cxd5 d6 6. e4 g6 7. f4 Bg7 8. Bb5+
Bd7 9. e5 dxe5 10. fxe5 Nh5 11. Nf3 O-O 12. O-O Bg4 13. Qe1 a6 14. Be2 Re8 15.
Bg5 Qc8 16. Qh4 Bxf3 17. Bxf3 Bxe5 18. Bxh5 gxh5 19. Qxh5 Qd7 20. Rae1 a5 21.
Ne4 Ra6 22. d6 Re6 23. Bf6 Bxf6 24. Nxf6+ Rxf6 25. Rxf6 Nc6 26. Re7 1-0

[Event "Gentofte Vinterturnering 1973-74"]
[Site "Gentofte"]
[Date "1973.11.14"]
[Round "4"]
[White "Telling, Kim"]
[Black "Mortensen, Peter Munch"]
[Result "0-1"]
[WhiteElo "2019"]
[BlackElo "1995"]
[PlyCount "34"]
[EventDate "1973.10.17"]
[EventType "tourn"]
[EventRounds "9"]
[EventCountry "DEN"]
[SourceVersionDate "2020.12.21"]

1. e4 g6 2. d4 Bg7 3. Nc3 c5 4. Nf3 cxd4 5. Nxd4 Nc6 6. Be3 Nf6 7. Bc4 Qa5 8.
O-O O-O 9. Bb3 d6 10. f4 Ng4 11. Nxc6 bxc6 12. Bd4 e5 13. fxe5 c5 14. Bf2 Bxe5
15. Be1 c4 16. Na4 Bxh2+ 17. Kh1 Qh5 0-1

[Event "Gentofte Vinterturnering 1973-74"]
[Site "Gentofte"]
[Date "1973.11.14"]
[Round "4"]
[White "Hansen, Carsten"]
[Black "Skovgaard, Ib"]
[Result "1/2-1/2"]
[WhiteElo "1895"]
[BlackElo "2134"]
[PlyCount "108"]
[EventDate "1973.10.17"]
[EventType "tourn"]
[EventRounds "9"]
[EventCountry "DEN"]
[SourceVersionDate "2020.12.21"]

1. d4 Nf6 2. c4 g6 3. Nc3 d5 4. cxd5 Nxd5 5. e4 Nxc3 6. bxc3 Bg7 7. Bc4 O-O 8.
Ne2 c5 9. O-O Nd7 10. Bg5 h6 11. Bh4 Kh7 12. Rc1 Nb6 13. Bb3 c4 14. Bc2 f5 15.
f3 Qe8 16. Rb1 Bd7 17. Rb4 g5 18. Bf2 Rb8 19. a4 Qf7 20. d5 fxe4 21. Bxe4+ Bf5
22. Nd4 Bxd4 23. Bxd4 Nxd5 24. Bxd5 Qxd5 25. Bxa7 Qxd1 26. Rxd1 Rbd8 27. Rxd8
Rxd8 28. Rxb7 Rd7 29. Rxd7 Bxd7 30. a5 Kg6 31. Kf2 e5 32. Bb8 Kf5 33. Ke3 Bc6
34. g4+ Kf6 35. a6 Ba8 36. Bd6 Bc6 37. a7 Ba8 38. Bf8 Kg6 39. Kd2 Bxf3 40. Kc2
Bd5 41. Kb2 h5 42. gxh5+ Kxh5 43. Ka3 e4 44. Bc5 Kg4 45. Be3 Kh3 46. Bxg5 Kxh2
47. Kb4 Kg3 48. Kc5 Ba8 49. Kxc4 Kf2 50. Kb5 Kf3 51. Kb6 e3 52. Kc7 Ke4 53. Kb8
Bc6 54. Bh4 Kd3 1/2-1/2

[Event "Gentofte Vinterturnering 1973-74"]
[Site "Gentofte"]
[Date "1973.11.14"]
[Round "4"]
[White "Molgaard, Steen"]
[Black "Rosenlund, Thorbjorn"]
[Result "1-0"]
[WhiteElo "2088"]
[BlackElo "2245"]
[PlyCount "143"]
[EventDate "1973.10.17"]
[EventType "tourn"]
[EventRounds "9"]
[EventCountry "DEN"]
[SourceVersionDate "2020.12.21"]

1. c4 g6 2. Nc3 Bg7 3. g3 c5 4. Bg2 Nc6 5. e3 e6 6. Nge2 Nge7 7. O-O O-O 8. d4
cxd4 9. Nxd4 Nxd4 10. exd4 d6 11. Bg5 h6 12. Be3 Nf5 13. Qd2 Qc7 14. b3 Bd7 15.
Rac1 Rfe8 16. Rfd1 h5 17. Ne4 Nxe3 18. Qxe3 b6 19. Qf4 e5 20. dxe5 dxe5 21.
Nf6+ Bxf6 22. Qxf6 Re6 23. Qxe6 Bxe6 24. Bxa8 h4 25. Rd2 h3 26. Re1 Kg7 27. Bd5
Bf5 28. Rde2 f6 29. Rd2 Qc5 30. Kf1 Qb4 31. Ke2 Qc3 32. f3 g5 33. g4 e4 34.
Bxe4 Bxe4 35. fxe4 Qe5 36. Kd3 Qf4 37. e5 fxe5 38. Rde2 Qd4+ 39. Kc2 Qxg4 40.
Rxe5 Kf6 41. R1e2 Qd7 42. Rd5 Qc7 43. Rdd2 g4 44. Rf2+ Kg6 45. Kb1 g3 46. hxg3
Qxg3 47. Kb2 a5 48. a4 Qe3 49. Ka2 Kg5 50. Rh2 Kg4 51. Rd1 Kf4 52. Rdh1 Ke4 53.
Rxh3 Qd2+ 54. Kb1 Kd4 55. R1h2 Qd1+ 56. Kb2 Qe1 57. Rh5 Qg1 58. Rd5+ Ke4 59.
Re2+ Kf3 60. Rde5 Qd1 61. R5e4 Kg3 62. R2e3+ Kf2 63. Rc3 Qd6 64. Ree3 Qc5 65.
Rf3+ Ke1 66. Kc2 Ke2 67. Rce3+ Qxe3 68. Rxe3+ Kxe3 69. Kc3 Ke4 70. b4 Ke5 71.
bxa5 bxa5 72. Kd3 1-0

[Event "Gentofte Vinterturnering 1973-74"]
[Site "Gentofte"]
[Date "1973.11.28"]
[Round "5"]
[White "Mortensen, Peter Munch"]
[Black "Molgaard, Steen"]
[Result "1/2-1/2"]
[WhiteElo "1995"]
[BlackElo "2088"]
[PlyCount "51"]
[EventDate "1973.10.17"]
[EventType "tourn"]
[EventRounds "9"]
[EventCountry "DEN"]
[SourceVersionDate "2020.12.21"]

1. d4 Nf6 2. c4 e6 3. Nf3 d5 4. Nc3 Nbd7 5. Bg5 c6 6. e3 Qa5 7. Nd2 dxc4 8.
Bxf6 Nxf6 9. Nxc4 Qc7 10. Be2 Be7 11. O-O O-O 12. Rc1 Bd7 13. Qc2 Rac8 14. Rfd1
Rfd8 15. a3 Be8 16. b4 Nd5 17. Ne4 Nb6 18. Ne5 a5 19. bxa5 Nd7 20. Nxd7 Bxd7
21. Nc5 Ra8 22. Rb1 Bxc5 23. Qxc5 Qxa5 24. Qxa5 Rxa5 25. Rxb7 Rxa3 26. Rdb1
1/2-1/2

[Event "Gentofte Vinterturnering 1973-74"]
[Site "Gentofte"]
[Date "1973.11.28"]
[Round "5"]
[White "Hartung Nielsen, Jens"]
[Black "Telling, Kim"]
[Result "1-0"]
[WhiteElo "2104"]
[BlackElo "2019"]
[PlyCount "55"]
[EventDate "1973.10.17"]
[EventType "tourn"]
[EventRounds "9"]
[EventCountry "DEN"]
[SourceVersionDate "2020.12.21"]

1. e4 c5 2. Nf3 d6 3. d4 cxd4 4. Nxd4 Nf6 5. Nc3 a6 6. Bc4 e6 7. Bb3 b5 8. O-O
Be7 9. Be3 b4 10. Na4 Nxe4 11. Nf5 exf5 12. Qd5 O-O 13. Qxa8 Nd7 14. Qa7 Bf6
15. Rad1 Be5 16. f4 Bf6 17. Nb6 Nxb6 18. Bxb6 Qd7 19. Qxd7 Bxd7 20. Bd4 Be7 21.
Rfe1 Rc8 22. Bd5 Bc6 23. Bxc6 Rxc6 24. Re2 d5 25. Bf2 Rd6 26. Bc5 Nxc5 27. Rxe7
Kf8 28. Re5 1-0

[Event "Gentofte Vinterturnering 1973-74"]
[Site "Gentofte"]
[Date "1973.11.28"]
[Round "5"]
[White "Persson, Lars"]
[Black "Hansen, Carsten"]
[Result "1/2-1/2"]
[WhiteElo "1983"]
[BlackElo "1895"]
[PlyCount "56"]
[EventDate "1973.10.17"]
[EventType "tourn"]
[EventRounds "9"]
[EventCountry "DEN"]
[SourceVersionDate "2020.12.21"]

1. e4 d6 2. Bc4 Nf6 3. Nc3 g6 4. d4 Bg7 5. f4 c5 6. Nf3 Bg4 7. O-O cxd4 8. Qxd4
O-O 9. e5 Nc6 10. exf6 Nxd4 11. fxg7 Kxg7 12. Nxd4 a6 13. Be3 b5 14. Bd5 Rc8
15. Bb7 Rc5 16. Bxa6 b4 17. Ne4 Qa8 18. Nxc5 dxc5 19. Be2 Qe4 20. Bf2 Bxe2 21.
Nxe2 Qxe2 22. Bxc5 Qxc2 23. Bxb4 Qxb2 24. Bxe7 Re8 25. Rae1 f5 26. Bf6+ Kxf6
27. Rxe8 Qxa2 28. Kh1 Qc4 1/2-1/2

[Event "Gentofte Vinterturnering 1973-74"]
[Site "Gentofte"]
[Date "1973.11.28"]
[Round "5"]
[White "Rosenlund, Thorbjorn"]
[Black "Hoi, Carsten"]
[Result "0-1"]
[WhiteElo "2245"]
[BlackElo "2089"]
[PlyCount "74"]
[EventDate "1973.10.17"]
[EventType "tourn"]
[EventRounds "9"]
[EventCountry "DEN"]
[SourceVersionDate "2020.12.21"]

1. Nf3 Nf6 2. g3 g6 3. Bg2 Bg7 4. O-O O-O 5. c4 d6 6. d4 c6 7. Nc3 Nbd7 8. Qc2
e5 9. Rd1 Re8 10. e4 Qb6 11. dxe5 dxe5 12. h3 Qc7 13. Be3 b6 14. b4 Bb7 15. c5
bxc5 16. bxc5 Bf8 17. Na4 Ba6 18. Bf1 Bb5 19. Rac1 Rab8 20. Nd2 Qa5 21. Bxb5
cxb5 22. c6 Rec8 23. Nc4 Qa6 24. cxd7 Rxc4 25. d8=Q Rxd8 26. Rxd8 Rxc2 27. Rxc2
Kg7 28. Nc3 Qc6 29. Rc1 Ba3 30. Rdd1 Bxc1 31. Rxc1 Nxe4 32. Nxe4 Qxe4 33. Bxa7
Qa4 34. Bb8 f6 35. Rc7+ Kh6 36. Rb7 Qd1+ 37. Kh2 Qf3 0-1

[Event "Gentofte Vinterturnering 1973-74"]
[Site "Gentofte"]
[Date "1973.11.28"]
[Round "5"]
[White "Skovgaard, Ib"]
[Black "Hansen, Jacob Ost"]
[Result "0-1"]
[WhiteElo "2134"]
[BlackElo "2331"]
[PlyCount "136"]
[EventDate "1973.10.17"]
[EventType "tourn"]
[EventRounds "9"]
[EventCountry "DEN"]
[SourceVersionDate "2020.12.21"]

1. d4 Nf6 2. c4 c5 3. d5 e5 4. Nc3 d6 5. e4 Be7 6. Bd3 O-O 7. Nge2 Nh5 8. Be3
Bg5 9. Qd2 Bxe3 10. Qxe3 Nd7 11. g3 a6 12. O-O-O Rb8 13. f4 exf4 14. gxf4 Re8
15. Ng3 Qh4 16. Nxh5 Qxh5 17. Qg3 Nf6 18. Rde1 Qh6 19. Rhf1 Bh3 20. Rf3 Bg4 21.
Rfe3 Bd7 22. Rf1 b5 23. b3 Ng4 24. Re2 Qf6 25. Kc2 b4 26. Nb1 Qa1 27. Kc1 Qd4
28. Rfe1 f5 29. e5 dxe5 30. fxe5 f4 31. Qh3 Nxe5 32. Qxh7+ Kf8 33. Qh8+ Kf7 34.
Qh5+ g6 35. Qh7+ Kf6 36. Rxe5 Rxe5 37. Qxg6+ Ke7 38. Qg7+ Kd6 39. Qf6+ Be6 40.
Qxe5+ Qxe5 41. Rxe5 Kxe5 42. dxe6 Rb6 43. e7 Re6 44. Bg6 Rxe7 45. Nd2 Kd4 46.
h4 Re1+ 47. Kc2 Ke3 48. Ne4 f3 49. h5 f2 50. Nxf2 Re2+ 51. Kc1 Rxf2 52. h6 Rh2
53. h7 a5 54. Bc2 Rh6 55. Bg6 Rh4 56. Bf5 Rh1+ 57. Kb2 Rh2+ 58. Kb1 Kd4 59. Bg6
Kc3 60. Ka1 a4 61. bxa4 Kxc4 62. Bf5 Kd5 63. Bc2 c4 64. Kb2 Kd4 65. Ka1 Kc3 66.
Bg6 Rh1+ 67. Bb1 b3 68. a3 Kd4 0-1